| 000 | 00475cam a2200181 4500 | ||
|---|---|---|---|
| 001 | D3644 | ||
| 008 | 090401t1978 xxu||||| |||| 00| 0 eng d | ||
| 035 | _a(Sirsi) u74278 | ||
| 041 | _aeng | ||
| 050 | _a692.8 | ||
| 110 |
_aFaculty of Architects and Surveyors _9394 |
||
| 245 | _aForm of building contract June 1975 edition. November 1978 revision | ||
| 260 |
_aChippenham Wilts _bFAS _c1978 |
||
| 300 | _a14p. 30cm | ||
| 350 | _a3.5 | ||
| 942 | _n0 | ||
| 948 | _c04/03/1997 | ||
| 999 |
_c95799 _d95799 |
||